| 000 | 00000nam##2200000za#4500 |
| 001 | 9.663353 |
| 003 | CaOODSP |
| 005 | 20210615121009 |
| 007 | ta |
| 008 | 150407|2001||||xxc||||| f|0| 0 eng|d |
| 020 | |a0-662-66202-4 |
| 040 | |aCaOODSP|beng |
| 041 | |aeng |
| 041 | |afre |
| 043 | |an-cn--- |
| 086 | 1 |aCH4-54/2001-1 |
| 110 | 1 |aCanada. |bCanadian Heritage. |
| 245 | 14|aThe Canada Volunteerism Initiative : |bthe report of the National Volunteerism Initiative Joint Table: executive summary |
| 260 | |aOttawa - Ontario : |bCanadian Heritage |c2001. |
| 300 | |aEnglish text, 9p. : |bfigs., illus. ; |c18 cm. |
| 563 | |aSoftcover |
| 590 | |a02-25|b2002-06-21 |
| 690 | 07|aVolunteer work|2gcpds |
| 776 | 0#|tL'Initiative canadienne sur le bénévolat : |w(CaOODSP)9.640498 |
| 776 | 0#|tThe Canada Volunteerism Initiative : |w(CaOODSP)9.696382 |
| 792 | |tL'Initiative canadienne sur le bénévolat : |efre|w(CaOODSP)9.663354 |